[Event "Deutsche Ländermeisterschaft 2017"]
[Site "Hannover GER"]
[Date "2017.10.03"]
[Round "6"]
[White "Peglau, Mirjam"]
[Black "Pachmann, Johannes"]
[Result "1-0"]
[Termination "normal"]
[Board "3.8"]
[WhiteElo "1552"]
[BlackElo "1605"]
[WhiteClock "00:39:04"]
[BlackClock "00:35:20"]
[WhiteTeam "Sachsen"]
[BlackTeam "Bayern"]
[PlyCount "101"]
[WhiteFideId "16211138"]
[BlackFideId "16250451"]
[EventCountry "GER"]
[EventRounds "7"]
[EventType "team-swiss"]
[EventDate "2017.09.29"]

1. e4 {[%clk 1:30:58]} e6 {[%clk 1:30:57]} 2. d4 {[%clk 1:31:24]} d5 {[%clk
1:31:24]} 3. Nc3 {[%clk 1:31:47]} Nf6 {[%clk 1:31:43]} 4. Bg5 {[%clk 1:32:06]}
Be7 {[%clk 1:31:47]} 5. e5 {[%clk 1:32:28]} Nfd7 {[%clk 1:32:06]} 6. h4 {[%clk
1:32:48]} c5 {[%clk 1:32:11]} 7. Nb5 {[%clk 1:31:11]} f6 {[%clk 1:29:54]} 8.
exf6 {[%clk 1:28:11]} Nxf6 {[%clk 1:29:59]} 9. dxc5 {[%clk 1:24:35]} Bxc5
{[%clk 1:29:45]} 10. Nf3 {[%clk 1:24:32]} Qb6 {[%clk 1:24:08]} 11. Qe2 {[%clk
1:06:48]} Ng4 {[%clk 1:20:23]} 12. Ne5 {[%clk 0:54:45]} Bxf2+ {[%clk 1:11:19]}
13. Kd2 {[%clk 0:54:36]} Nxe5 {[%clk 1:02:16]} 14. Qxe5 {[%clk 0:55:04]} O-O
{[%clk 1:02:25]} 15. Nc7 {[%clk 0:53:48]} Qa5+ {[%clk 0:58:10]} 16. Qc3 {[%clk
0:52:59]} Bb6 {[%clk 0:50:09]} 17. Nxa8 {[%clk 0:52:57]} Rf2+ {[%clk 0:48:38]}
18. Be2 {[%clk 0:49:24]} Qxc3+ {[%clk 0:40:28]} 19. bxc3 {[%clk 0:49:48]} Ba5
{[%clk 0:40:45]} 20. Be3 {[%clk 0:44:21]} Rxg2 {[%clk 0:38:56]} 21. Bxa7 {[%clk
0:44:12]} Nc6 {[%clk 0:38:42]} 22. Bb6 {[%clk 0:43:49]} e5 {[%clk 0:36:57]} 23.
Bxa5 {[%clk 0:41:50]} Nxa5 {[%clk 0:37:11]} 24. Rag1 {[%clk 0:41:07]} Rf2
{[%clk 0:35:44]} 25. Nc7 {[%clk 0:38:46]} Bd7 {[%clk 0:33:57]} 26. Ke1 {[%clk
0:37:07]} Rf8 {[%clk 0:32:51]} 27. Nxd5 {[%clk 0:36:47]} Bc6 {[%clk 0:33:01]}
28. Ne7+ {[%clk 0:37:06]} Kf7 {[%clk 0:33:09]} 29. Nxc6 {[%clk 0:37:29]} Nxc6
{[%clk 0:33:19]} 30. Rf1+ {[%clk 0:37:52]} Ke7 {[%clk 0:33:41]} 31. Rxf8 {[%clk
0:38:03]} Kxf8 {[%clk 0:34:08]} 32. Bf3 {[%clk 0:37:53]} Nd8 {[%clk 0:34:18]}
33. Ke2 {[%clk 0:38:13]} b6 {[%clk 0:34:35]} 34. Rb1 {[%clk 0:38:36]} Ne6
{[%clk 0:34:09]} 35. Rxb6 {[%clk 0:38:46]} Nf4+ {[%clk 0:34:39]} 36. Kf2 {[%clk
0:38:34]} Ke7 {[%clk 0:34:52]} 37. a4 {[%clk 0:38:53]} Kd7 {[%clk 0:34:48]} 38.
a5 {[%clk 0:39:17]} Kc7 {[%clk 0:32:56]} 39. Rb7+ {[%clk 0:39:35]} Kc8 {[%clk
0:33:21]} 40. a6 {[%clk 0:39:55]} Ne6 {[%clk 0:33:36]} 41. a7 {[%clk 0:39:54]}
Nc7 {[%clk 0:34:01]} 42. Rxc7+ {[%clk 0:40:14]} Kxc7 {[%clk 0:34:21]} 43. a8=Q
{[%clk 0:40:33]} e4 {[%clk 0:34:39]} 44. Bxe4 {[%clk 0:40:46]} g5 {[%clk
0:34:56]} 45. Qc6+ {[%clk 0:40:53]} Kd8 {[%clk 0:35:09]} 46. Bf5 {[%clk
0:39:56]} Ke7 {[%clk 0:35:20]} 47. Qe6+ {[%clk 0:40:12]} Kf8 {[%clk 0:35:38]}
48. hxg5 {[%clk 0:39:29]} h6 {[%clk 0:35:08]} 49. g6 {[%clk 0:38:46]} Kg7
{[%clk 0:34:55]} 50. Qf7+ {[%clk 0:39:04]} Kh8 {[%clk 0:35:20]} 51. Qh7# 1-0

[Event "Deutsche Ländermeisterschaft 2017"]
[Site "Hannover GER"]
[Date "2017.10.03"]
[Round "6"]
[White "Bethke, Richard"]
[Black "Sieber, Fiona"]
[Result "1/2-1/2"]
[Termination "normal"]
[Board "4.1"]
[BlackTitle "WFM"]
[WhiteElo "2153"]
[BlackElo "2248"]
[WhiteClock "00:09:22"]
[BlackClock "00:29:05"]
[WhiteTeam "Hessen"]
[BlackTeam "Sachsen-Anhalt"]
[PlyCount "92"]
[WhiteFideId "12959243"]
[BlackFideId "12902373"]
[EventCountry "GER"]
[EventRounds "7"]
[EventType "team-swiss"]
[EventDate "2017.09.29"]

1. e4 {[%clk 1:30:57]} e5 {[%clk 1:30:55]} 2. Nf3 {[%clk 1:31:24]} Nc6 {[%clk
1:31:20]} 3. Bc4 {[%clk 1:31:51]} Nf6 {[%clk 1:31:44]} 4. d3 {[%clk 1:32:18]}
Be7 {[%clk 1:32:08]} 5. O-O {[%clk 1:32:46]} O-O {[%clk 1:32:27]} 6. Re1 {[%clk
1:33:13]} d6 {[%clk 1:32:48]} 7. a4 {[%clk 1:33:25]} Na5 {[%clk 1:32:37]} 8.
Ba2 {[%clk 1:33:45]} c5 {[%clk 1:32:32]} 9. Nbd2 {[%clk 1:33:38]} Nc6 {[%clk
1:31:37]} 10. Nc4 {[%clk 1:31:15]} h6 {[%clk 1:28:21]} 11. c3 {[%clk 1:29:34]}
Be6 {[%clk 1:24:52]} 12. Ne3 {[%clk 1:27:55]} a6 {[%clk 1:22:13]} 13. h3 {[%clk
1:27:03]} Rb8 {[%clk 1:08:52]} 14. Nh2 {[%clk 1:21:32]} d5 {[%clk 1:02:20]} 15.
Qf3 {[%clk 1:19:41]} d4 {[%clk 0:55:18]} 16. Nd5 {[%clk 1:17:42]} Qd6 {[%clk
0:52:54]} 17. Bxh6 {[%clk 0:46:06]} Bxd5 {[%clk 0:50:40]} 18. exd5 {[%clk
0:43:27]} Na7 {[%clk 0:37:06]} 19. Bd2 {[%clk 0:41:55]} Rbe8 {[%clk 0:32:29]}
20. Ng4 {[%clk 0:39:48]} Nxg4 {[%clk 0:28:58]} 21. hxg4 {[%clk 0:39:57]} Nc8
{[%clk 0:25:44]} 22. c4 {[%clk 0:36:37]} Bd8 {[%clk 0:24:08]} 23. Qf5 {[%clk
0:35:50]} Bc7 {[%clk 0:22:54]} 24. g3 {[%clk 0:35:43]} Qe7 {[%clk 0:19:04]} 25.
Kg2 {[%clk 0:30:47]} g6 {[%clk 0:18:28]} 26. Qg5 {[%clk 0:30:09]} Qxg5 {[%clk
0:18:49]} 27. Bxg5 {[%clk 0:30:34]} Kg7 {[%clk 0:18:54]} 28. Rh1 {[%clk
0:29:28]} Rh8 {[%clk 0:19:12]} 29. f3 {[%clk 0:29:32]} Ba5 {[%clk 0:17:47]} 30.
Rxh8 {[%clk 0:23:06]} Rxh8 {[%clk 0:18:10]} 31. Rd1 {[%clk 0:23:02]} f6 {[%clk
0:17:28]} 32. Bd2 {[%clk 0:23:02]} Bxd2 {[%clk 0:17:12]} 33. Rxd2 {[%clk
0:23:28]} a5 {[%clk 0:16:16]} 34. f4 {[%clk 0:22:53]} Re8 {[%clk 0:14:07]} 35.
Re2 {[%clk 0:22:37]} g5 {[%clk 0:13:04]} 36. Bb1 {[%clk 0:21:59]} Nd6 {[%clk
0:13:22]} 37. b3 {[%clk 0:21:39]} Kg6 {[%clk 0:11:50]} 38. Kf3 {[%clk 0:20:06]}
Re7 {[%clk 0:08:55]} 39. Bc2 {[%clk 0:19:49]} Re8 {[%clk 0:09:50]} 40. Bb1
{[%clk 0:17:48]} Nf7 {[%clk 0:07:22]} 41. Kg2 {[%clk 0:16:21]} Rh8 {[%clk
0:05:33]} 42. f5+ {[%clk 0:10:52]} Kg7 {[%clk 0:05:58]} 43. Re1 {[%clk
0:10:13]} Kf8 {[%clk 0:05:18]} 44. Bc2 {[%clk 0:10:19]} Ke7 {[%clk 0:02:27]}
45. Bd1 {[%clk 0:09:19]} Kd6 {[%clk 0:02:00]} 46. Bf3 {[%clk 0:09:22]} Rh7
{[%clk 0:29:05]} 1/2-1/2

[Event "Deutsche Ländermeisterschaft 2017"]
[Site "Hannover GER"]
[Date "2017.10.03"]
[Round "6"]
[White "Roseneck, Jonas"]
[Black "Weber, Samuel"]
[Result "1-0"]
[Termination "normal"]
[Board "4.2"]
[WhiteElo "2179"]
[BlackElo "2240"]
[WhiteClock "00:25:22"]
[BlackClock "00:01:38"]
[WhiteTeam "Sachsen-Anhalt"]
[BlackTeam "Hessen"]
[PlyCount "116"]
[WhiteFideId "12939870"]
[BlackFideId "12924008"]
[EventCountry "GER"]
[EventRounds "7"]
[EventType "team-swiss"]
[EventDate "2017.09.29"]

1. e4 {[%clk 1:30:58]} e5 2. Nf3 {[%clk 1:31:20]} Nc6 {[%clk 1:30:15]} 3. Bc4
{[%clk 1:31:47]} Nf6 {[%clk 1:30:40]} 4. d3 {[%clk 1:32:02]} Be7 {[%clk
1:30:39]} 5. O-O {[%clk 1:29:23]} O-O {[%clk 1:29:56]} 6. Re1 {[%clk 1:29:07]}
d6 {[%clk 1:28:59]} 7. c3 {[%clk 1:28:47]} Na5 {[%clk 1:21:25]} 8. Bb5 {[%clk
1:29:11]} a6 {[%clk 1:20:52]} 9. Ba4 {[%clk 1:29:37]} c5 {[%clk 1:21:14]} 10.
Nbd2 {[%clk 1:29:23]} Be6 {[%clk 1:17:26]} 11. Nf1 {[%clk 1:27:58]} b5 {[%clk
1:12:33]} 12. Bc2 {[%clk 1:28:22]} Nc6 {[%clk 1:13:00]} 13. h3 {[%clk 1:27:09]}
Qc7 {[%clk 1:08:47]} 14. Ng3 {[%clk 1:21:18]} d5 {[%clk 1:03:20]} 15. Ng5
{[%clk 1:10:00]} h6 {[%clk 1:00:49]} 16. Nxe6 {[%clk 1:09:29]} fxe6 {[%clk
1:00:46]} 17. a4 {[%clk 1:07:46]} b4 {[%clk 0:55:07]} 18. Rf1 {[%clk 0:55:07]}
Bd6 {[%clk 0:52:54]} 19. Bd2 {[%clk 0:52:09]} Rab8 {[%clk 0:49:30]} 20. Nh5
{[%clk 0:45:32]} Na5 {[%clk 0:41:43]} 21. Qe2 {[%clk 0:32:43]} bxc3 {[%clk
0:37:23]} 22. bxc3 {[%clk 0:32:21]} Nb3 {[%clk 0:35:13]} 23. Nxf6+ {[%clk
0:31:49]} Rxf6 {[%clk 0:34:34]} 24. Rab1 {[%clk 0:32:13]} Nxd2 {[%clk 0:27:07]}
25. Rxb8+ {[%clk 0:29:40]} Qxb8 {[%clk 0:27:33]} 26. Qxd2 {[%clk 0:30:02]} Rf7
{[%clk 0:26:54]} 27. Bd1 {[%clk 0:29:15]} Rb7 {[%clk 0:17:57]} 28. Bg4 {[%clk
0:29:36]} d4 {[%clk 0:15:54]} 29. Bxe6+ {[%clk 0:29:18]} Kh8 {[%clk 0:13:52]}
30. c4 {[%clk 0:25:10]} Qe8 {[%clk 0:12:30]} 31. Bd5 {[%clk 0:24:47]} Rb4
{[%clk 0:12:56]} 32. a5 {[%clk 0:23:36]} Bc7 {[%clk 0:12:47]} 33. Ra1 {[%clk
0:23:15]} Qb8 {[%clk 0:10:10]} 34. Qd1 {[%clk 0:16:17]} Qf8 {[%clk 0:02:39]}
35. Qh5 {[%clk 0:15:13]} Rb2 {[%clk 0:02:37]} 36. Bf7 {[%clk 0:12:40]} Qd6
{[%clk 0:01:57]} 37. Bg6 {[%clk 0:12:45]} Qf6 {[%clk 0:02:06]} 38. Bf5 {[%clk
0:13:11]} Rb8 {[%clk 0:01:17]} 39. h4 {[%clk 0:11:40]} Bd6 {[%clk 0:00:40]} 40.
g3 {[%clk 0:09:56]} Be7 {[%clk 0:00:38]} 41. Kg2 {[%clk 0:09:35]} Kg8 {[%clk
0:27:49]} 42. Rf1 {[%clk 0:36:28]} g5 {[%clk 0:24:55]} 43. Rh1 {[%clk 0:33:14]}
Kg7 {[%clk 0:22:38]} 44. hxg5 {[%clk 0:32:56]} Qxg5 {[%clk 0:23:02]} 45. Qe2
{[%clk 0:29:49]} Bd8 {[%clk 0:21:16]} 46. Rh5 {[%clk 0:29:10]} Qc1 {[%clk
0:21:19]} 47. Qg4+ {[%clk 0:28:41]} Bg5 {[%clk 0:20:48]} 48. Rh1 {[%clk
0:28:59]} Qd2 {[%clk 0:13:17]} 49. Qh5 {[%clk 0:26:00]} Rb2 {[%clk 0:09:48]}
50. Qg6+ {[%clk 0:26:20]} Kf8 {[%clk 0:10:09]} 51. Rf1 {[%clk 0:23:59]} Qxa5
{[%clk 0:06:03]} 52. Qd6+ {[%clk 0:23:36]} Kg7 {[%clk 0:03:00]} 53. Qd7+ {[%clk
0:23:52]} Kf6 {[%clk 0:02:59]} 54. Be6 {[%clk 0:24:16]} Rb7 {[%clk 0:02:15]}
55. Qxb7 {[%clk 0:24:37]} Kxe6 {[%clk 0:02:38]} 56. Rb1 {[%clk 0:25:00]} Bd8
{[%clk 0:02:34]} 57. Qd5+ {[%clk 0:24:56]} Kf6 {[%clk 0:02:06]} 58. Rb7 {[%clk
0:25:22]} Kg6 {[%clk 0:01:38]} *

[Event "Deutsche Ländermeisterschaft 2017"]
[Site "Hannover GER"]
[Date "2017.10.03"]
[Round "6"]
[White "Stork, Oliver"]
[Black "Biastoch, Bennet"]
[Result "1-0"]
[Termination "normal"]
[Board "4.3"]
[WhiteElo "2175"]
[BlackElo "2120"]
[WhiteClock "00:29:48"]
[BlackClock "00:29:17"]
[WhiteTeam "Hessen"]
[BlackTeam "Sachsen-Anhalt"]
[PlyCount "85"]
[WhiteFideId "12955728"]
[BlackFideId "12939889"]
[EventCountry "GER"]
[EventRounds "7"]
[EventType "team-swiss"]
[EventDate "2017.09.29"]

1. c4 {[%clk 1:30:57]} e5 {[%clk 1:30:45]} 2. g3 {[%clk 1:31:17]} Nf6 {[%clk
1:31:05]} 3. Bg2 {[%clk 1:31:41]} d5 {[%clk 1:31:23]} 4. cxd5 {[%clk 1:32:06]}
Nxd5 {[%clk 1:31:44]} 5. Nf3 {[%clk 1:32:30]} Nc6 {[%clk 1:31:57]} 6. O-O
{[%clk 1:32:52]} Nb6 {[%clk 1:31:46]} 7. Nc3 {[%clk 1:33:16]} Be7 {[%clk
1:31:40]} 8. Rb1 {[%clk 1:33:18]} a5 {[%clk 1:25:42]} 9. d3 {[%clk 1:33:29]}
O-O {[%clk 1:25:18]} 10. Be3 {[%clk 1:33:52]} Re8 {[%clk 1:23:46]} 11. Rc1
{[%clk 1:27:45]} Bf8 {[%clk 1:20:38]} 12. d4 {[%clk 1:20:46]} Nc4 {[%clk
1:01:06]} 13. Bg5 {[%clk 1:09:50]} Be7 {[%clk 0:41:59]} 14. Bxe7 {[%clk
1:08:40]} Rxe7 {[%clk 0:41:55]} 15. Nxe5 {[%clk 0:52:25]} N4xe5 {[%clk
0:37:23]} 16. dxe5 {[%clk 0:52:22]} Bg4 {[%clk 0:36:51]} 17. Qxd8+ {[%clk
0:42:18]} Rxd8 {[%clk 0:35:44]} 18. Rfd1 {[%clk 0:42:23]} Red7 {[%clk 0:31:48]}
19. Bxc6 {[%clk 0:37:10]} bxc6 {[%clk 0:31:56]} 20. f3 {[%clk 0:37:13]} Be6
{[%clk 0:30:24]} 21. b3 {[%clk 0:35:39]} Kf8 {[%clk 0:23:19]} 22. Kf2 {[%clk
0:33:41]} Ke7 {[%clk 0:21:54]} 23. Ke3 {[%clk 0:30:37]} Rb8 {[%clk 0:17:17]}
24. Rxd7+ {[%clk 0:28:26]} Bxd7 {[%clk 0:17:13]} 25. Na4 {[%clk 0:26:28]} h5
{[%clk 0:13:59]} 26. Rc5 Rb5 {[%clk 0:13:05]} 27. Kd4 {[%clk 0:20:44]} Rb4+
{[%clk 0:10:25]} 28. Rc4 {[%clk 0:19:05]} Rb8 {[%clk 0:08:10]} 29. Nc5 {[%clk
0:13:00]} g6 {[%clk 0:05:31]} 30. f4 {[%clk 0:08:54]} Bg4 {[%clk 0:03:48]} 31.
Ke3 {[%clk 0:04:17]} Bd7 {[%clk 0:02:08]} 32. Kd3 {[%clk 0:01:24]} Rb6 {[%clk
0:01:30]} 33. Kc3 {[%clk 0:01:00]} Bg4 {[%clk 0:01:15]} 34. Kd2 {[%clk
0:00:44]} Be6 {[%clk 0:01:21]} 35. Nxe6 {[%clk 0:00:43]} Kxe6 {[%clk 0:01:31]}
36. e4 {[%clk 0:01:07]} Kd7 {[%clk 0:01:04]} 37. Ke3 {[%clk 0:01:32]} Rb5
{[%clk 0:01:13]} 38. h4 {[%clk 0:01:05]} Rb8 {[%clk 0:00:59]} 39. f5 {[%clk
0:00:48]} Rg8 {[%clk 0:00:40]} 40. Kf3 {[%clk 0:00:52]} gxf5 {[%clk 0:00:48]}
41. exf5 {[%clk 0:01:10]} Re8 {[%clk 0:30:07]} 42. Rc5 {[%clk 0:31:32]} Ra8
{[%clk 0:29:17]} 43. Kf4 {[%clk 0:29:48]} 1-0

[Event "Deutsche Ländermeisterschaft 2017"]
[Site "Hannover GER"]
[Date "2017.10.03"]
[Round "6"]
[White "Post, Hugo"]
[Black "Neukirchner, Pascal"]
[Result "1/2-1/2"]
[Termination "normal"]
[Board "4.4"]
[WhiteElo "2023"]
[BlackElo "2123"]
[WhiteClock "00:09:36"]
[BlackClock "00:20:27"]
[WhiteTeam "Sachsen-Anhalt"]
[BlackTeam "Hessen"]
[PlyCount "100"]
[WhiteFideId "12962490"]
[BlackFideId "12997927"]
[EventCountry "GER"]
[EventRounds "7"]
[EventType "team-swiss"]
[EventDate "2017.09.29"]

1. e4 {[%clk 1:30:40]} c5 {[%clk 1:30:49]} 2. Nf3 {[%clk 1:30:35]} d6 {[%clk
1:30:57]} 3. d4 {[%clk 1:30:40]} cxd4 {[%clk 1:31:22]} 4. Nxd4 {[%clk 1:30:48]}
Nf6 {[%clk 1:31:47]} 5. Nc3 {[%clk 1:30:53]} g6 {[%clk 1:31:57]} 6. Be3 {[%clk
1:30:39]} Bg7 {[%clk 1:32:22]} 7. f3 {[%clk 1:30:33]} O-O {[%clk 1:32:45]} 8.
Bc4 {[%clk 1:30:28]} Nc6 {[%clk 1:33:10]} 9. Qd2 {[%clk 1:30:27]} Bd7 {[%clk
1:33:34]} 10. O-O-O {[%clk 1:30:43]} Rc8 {[%clk 1:33:59]} 11. Bb3 {[%clk
1:30:59]} Ne5 {[%clk 1:33:14]} 12. Kb1 {[%clk 1:28:55]} Nc4 {[%clk 1:32:24]}
13. Bxc4 {[%clk 1:28:54]} Rxc4 {[%clk 1:32:49]} 14. g4 {[%clk 1:26:09]} b5
{[%clk 1:33:12]} 15. h4 {[%clk 1:24:33]} b4 {[%clk 1:06:26]} 16. Nd5 {[%clk
1:23:49]} Nxd5 {[%clk 1:06:37]} 17. exd5 {[%clk 1:24:08]} Qa5 {[%clk 1:04:54]}
18. Nb3 {[%clk 1:20:53]} Qc7 {[%clk 1:03:08]} 19. Bd4 {[%clk 1:20:27]} f6
{[%clk 0:38:08]} 20. h5 {[%clk 1:16:28]} g5 {[%clk 0:34:38]} 21. h6 {[%clk
1:11:27]} Bh8 {[%clk 0:35:05]} 22. Rhg1 {[%clk 1:05:36]} Rc8 {[%clk 0:33:37]}
23. Na1 {[%clk 1:04:10]} Be8 {[%clk 0:26:52]} 24. b3 {[%clk 0:40:37]} Rc3
{[%clk 0:23:36]} 25. Bxc3 {[%clk 0:40:58]} bxc3 {[%clk 0:24:05]} 26. Qe3 {[%clk
0:41:09]} Bf7 {[%clk 0:20:46]} 27. Rd4 {[%clk 0:32:15]} Qc5 {[%clk 0:16:52]}
28. Rgd1 {[%clk 0:21:18]} Qa3 {[%clk 0:16:20]} 29. Qc1 {[%clk 0:21:34]} Qa5
{[%clk 0:16:11]} 30. b4 {[%clk 0:18:24]} Rb8 {[%clk 0:16:28]} 31. a3 {[%clk
0:18:29]} Bg6 {[%clk 0:15:33]} 32. Rc4 {[%clk 0:16:56]} Qa4 {[%clk 0:15:32]}
33. Rxc3 {[%clk 0:16:16]} f5 {[%clk 0:14:23]} 34. Rb3 {[%clk 0:11:25]} f4
{[%clk 0:14:25]} 35. Ka2 {[%clk 0:10:25]} Rc8 {[%clk 0:14:32]} 36. c3 {[%clk
0:09:40]} Qb5 {[%clk 0:13:12]} 37. Qd2 {[%clk 0:06:15]} Qc4 {[%clk 0:12:44]}
38. Kb2 {[%clk 0:06:33]} Rb8 {[%clk 0:12:17]} 39. Re1 {[%clk 0:03:05]} Be5
{[%clk 0:09:49]} 40. Rd1 {[%clk 0:00:38]} Rb5 {[%clk 0:08:41]} 41. a4 {[%clk
0:24:50]} Rxb4 {[%clk 0:38:39]} 42. Rxb4 {[%clk 0:25:08]} Qxb4+ {[%clk
0:39:06]} 43. Nb3 {[%clk 0:25:31]} Be8 {[%clk 0:32:04]} 44. a5 {[%clk 0:23:47]}
Bb5 {[%clk 0:29:36]} 45. Kc2 {[%clk 0:19:15]} Qc4 {[%clk 0:28:36]} 46. Rb1
{[%clk 0:18:49]} Be8 {[%clk 0:26:59]} 47. Kb2 {[%clk 0:16:29]} Ba4 {[%clk
0:25:22]} 48. Kc2 {[%clk 0:16:37]} Be8 {[%clk 0:20:27]} 49. Kb2 {[%clk
0:13:13]} Ba4 {[%clk 0:20:01]} 50. Kc2 {[%clk 0:09:36]} Be8 {[%clk 0:20:27]}
1/2-1/2

[Event "Deutsche Ländermeisterschaft 2017"]
[Site "Hannover GER"]
[Date "2017.10.03"]
[Round "6"]
[White "Krastev, Alexander"]
[Black "Dietz, Florian"]
[Result "1/2-1/2"]
[Termination "normal"]
[Board "4.5"]
[WhiteElo "2072"]
[BlackElo "2026"]
[WhiteClock "00:34:51"]
[BlackClock "00:17:52"]
[WhiteTeam "Hessen"]
[BlackTeam "Sachsen-Anhalt"]
[PlyCount "144"]
[WhiteFideId "12989983"]
[BlackFideId "12939897"]
[EventCountry "GER"]
[EventRounds "7"]
[EventType "team-swiss"]
[EventDate "2017.09.29"]

1. e4 {[%clk 1:30:58]} c5 {[%clk 1:30:51]} 2. Nc3 {[%clk 1:31:21]} d6 {[%clk
1:30:54]} 3. f4 {[%clk 1:31:30]} g6 {[%clk 1:31:07]} 4. Nf3 {[%clk 1:31:55]}
Bg7 {[%clk 1:31:09]} 5. Bc4 {[%clk 1:31:56]} Nc6 {[%clk 1:31:21]} 6. d3 {[%clk
1:32:17]} e6 {[%clk 1:31:16]} 7. O-O {[%clk 1:32:38]} Nge7 {[%clk 1:31:37]} 8.
Qe1 {[%clk 1:32:53]} O-O {[%clk 1:30:55]} 9. Qh4 {[%clk 1:32:50]} Na5 {[%clk
1:23:39]} 10. f5 {[%clk 1:29:22]} gxf5 {[%clk 1:07:05]} 11. Bg5 {[%clk
1:25:57]} f6 {[%clk 1:06:42]} 12. Bh6 {[%clk 1:23:57]} Bxh6 {[%clk 1:05:27]}
13. Qxh6 {[%clk 1:24:05]} Nxc4 {[%clk 1:04:59]} 14. dxc4 {[%clk 1:24:19]} fxe4
{[%clk 0:52:04]} 15. Nxe4 {[%clk 1:24:28]} Nf5 {[%clk 0:52:13]} 16. Qd2 {[%clk
1:23:08]} b6 {[%clk 0:46:21]} 17. g4 {[%clk 1:18:01]} d5 {[%clk 0:37:17]} 18.
Rad1 {[%clk 1:07:42]} Nd4 {[%clk 0:32:32]} 19. Ng3 {[%clk 1:03:40]} e5 {[%clk
0:26:18]} 20. Nxe5 {[%clk 0:51:40]} fxe5 {[%clk 0:21:36]} 21. Rxf8+ {[%clk
0:51:49]} Kxf8 {[%clk 0:15:33]} 22. Rf1+ {[%clk 0:50:23]} Kg8 {[%clk 0:14:27]}
23. Nh5 {[%clk 0:37:05]} Be6 {[%clk 0:12:28]} 24. c3 {[%clk 0:36:43]} dxc4
{[%clk 0:07:57]} 25. Qe3 {[%clk 0:31:02]} Nc6 {[%clk 0:05:06]} 26. Qh6 {[%clk
0:25:19]} Qe7 {[%clk 0:05:23]} 27. Nf6+ {[%clk 0:24:58]} Kh8 {[%clk 0:05:23]}
28. Nxh7 {[%clk 0:25:04]} Qxh7 {[%clk 0:04:11]} 29. Qxe6 {[%clk 0:25:29]} Rg8
{[%clk 0:01:00]} 30. Qxc6 {[%clk 0:23:15]} Rxg4+ {[%clk 0:01:21]} 31. Kh1
{[%clk 0:23:42]} Qe4+ {[%clk 0:01:36]} 32. Qxe4 {[%clk 0:24:06]} Rxe4 {[%clk
0:01:58]} 33. Kg2 {[%clk 0:21:28]} Kg7 {[%clk 0:01:11]} 34. Rf3 {[%clk
0:21:16]} Re2+ {[%clk 0:01:02]} 35. Rf2 {[%clk 0:21:41]} Re3 {[%clk 0:01:27]}
36. Kf1 {[%clk 0:15:22]} Rd3 {[%clk 0:01:24]} 37. Ke2 {[%clk 0:13:47]} e4
{[%clk 0:01:12]} 38. Rf4 {[%clk 0:12:10]} Rh3 {[%clk 0:00:56]} 39. Rxe4 {[%clk
0:11:39]} Rxh2+ {[%clk 0:01:20]} 40. Kd1 {[%clk 0:12:02]} Rxb2 {[%clk 0:01:40]}
41. Re7+ {[%clk 0:12:29]} Kf6 {[%clk 0:01:36]} 42. Rxa7 {[%clk 0:12:56]} Ke6
{[%clk 0:28:46]} 43. Kc1 {[%clk 0:43:20]} Rb5 {[%clk 0:28:55]} 44. Rb7 {[%clk
0:41:40]} Kd5 {[%clk 0:27:59]} 45. Kc2 {[%clk 0:41:33]} Kc6 {[%clk 0:26:45]}
46. Rh7 {[%clk 0:41:57]} Ra5 {[%clk 0:26:46]} 47. Kb2 {[%clk 0:42:08]} Kb5
{[%clk 0:26:47]} 48. Rh8 {[%clk 0:38:59]} Ra7 {[%clk 0:26:12]} 49. Rc8 {[%clk
0:38:32]} Ka5 {[%clk 0:23:57]} 50. Kb1 {[%clk 0:37:38]} Ka6 {[%clk 0:21:55]}
51. Kb2 {[%clk 0:36:48]} Rh7 {[%clk 0:21:40]} 52. Rg8 {[%clk 0:35:33]} Rh5
{[%clk 0:21:15]} 53. Rg6 {[%clk 0:34:06]} Ka5 {[%clk 0:21:14]} 54. Rg8 {[%clk
0:34:26]} b5 {[%clk 0:21:13]} 55. Ra8+ {[%clk 0:34:32]} Kb6 {[%clk 0:21:29]}
56. Rb8+ {[%clk 0:34:25]} Kc6 {[%clk 0:21:06]} 57. Kb1 {[%clk 0:34:00]} Rh2
{[%clk 0:20:03]} 58. Rc8+ {[%clk 0:34:08]} Kb6 {[%clk 0:20:07]} 59. Rb8+ {[%clk
0:34:33]} Ka6 {[%clk 0:20:23]} 60. Rc8 {[%clk 0:35:02]} Rh5 {[%clk 0:20:00]}
61. Rb8 {[%clk 0:32:48]} Rh7 {[%clk 0:19:09]} 62. Kb2 {[%clk 0:32:52]} Ka5
{[%clk 0:18:39]} 63. Ra8+ {[%clk 0:32:52]} Kb6 {[%clk 0:19:02]} 64. Rg8 {[%clk
0:32:58]} b4 {[%clk 0:18:33]} 65. Rb8+ {[%clk 0:33:11]} Rb7 {[%clk 0:18:38]}
66. Rh8 {[%clk 0:33:22]} Ka7 {[%clk 0:18:16]} 67. Rh4 {[%clk 0:33:13]} bxc3+
{[%clk 0:16:32]} 68. Kxc3 {[%clk 0:33:34]} Rb4 {[%clk 0:16:25]} 69. Rxc4 {[%clk
0:33:47]} Rxc4+ {[%clk 0:16:37]} 70. Kxc4 {[%clk 0:34:10]} Kb6 {[%clk 0:17:02]}
71. a4 {[%clk 0:34:29]} Ka5 {[%clk 0:17:25]} 72. Kxc5 {[%clk 0:34:51]} Kxa4
{[%clk 0:17:52]} 1/2-1/2

[Event "Deutsche Ländermeisterschaft 2017"]
[Site "Hannover GER"]
[Date "2017.10.03"]
[Round "6"]
[White "Dietz, Kristin"]
[Black "Reinecke, Katharina"]
[Result "1-0"]
[Termination "normal"]
[Board "4.6"]
[WhiteElo "1675"]
[BlackElo "1994"]
[WhiteClock "00:21:13"]
[BlackClock "00:00:35"]
[WhiteTeam "Sachsen-Anhalt"]
[BlackTeam "Hessen"]
[PlyCount "73"]
[WhiteFideId "12993743"]
[BlackFideId "12929727"]
[EventCountry "GER"]
[EventRounds "7"]
[EventType "team-swiss"]
[EventDate "2017.09.29"]

1. e4 {[%clk 1:30:59]} c6 {[%clk 1:30:56]} 2. d4 {[%clk 1:31:22]} d5 {[%clk
1:31:21]} 3. Nd2 {[%clk 1:31:41]} dxe4 {[%clk 1:31:36]} 4. Nxe4 {[%clk
1:32:02]} Bf5 {[%clk 1:31:27]} 5. Ng3 {[%clk 1:32:10]} Bg6 {[%clk 1:31:51]} 6.
N1e2 {[%clk 1:32:20]} e6 {[%clk 1:30:01]} 7. Nf4 {[%clk 1:32:37]} Bd6 {[%clk
1:29:47]} 8. Bc4 {[%clk 1:30:49]} Qc7 {[%clk 1:28:23]} 9. Nfh5 {[%clk 1:23:43]}
Bxh5 {[%clk 1:18:42]} 10. Nxh5 {[%clk 1:23:25]} g6 {[%clk 1:18:14]} 11. Ng3
{[%clk 1:23:39]} Nf6 {[%clk 1:15:48]} 12. Qe2 {[%clk 1:14:01]} Nbd7 {[%clk
1:12:30]} 13. Bb3 {[%clk 0:58:00]} O-O-O {[%clk 1:10:04]} 14. Bd2 {[%clk
0:57:14]} h5 {[%clk 1:06:50]} 15. O-O-O {[%clk 0:57:15]} h4 {[%clk 1:02:59]}
16. Nf1 {[%clk 0:56:12]} Rh5 {[%clk 0:54:02]} 17. h3 {[%clk 0:55:46]} Nd5
{[%clk 0:45:27]} 18. Kb1 {[%clk 0:53:37]} N7f6 {[%clk 0:35:11]} 19. Qf3 {[%clk
0:52:20]} Rf5 {[%clk 0:28:15]} 20. Qe2 {[%clk 0:50:39]} Nf4 {[%clk 0:27:03]}
21. Qf3 {[%clk 0:50:08]} N4d5 {[%clk 0:25:59]} 22. Qe2 {[%clk 0:49:47]} Rh5
{[%clk 0:24:37]} 23. c4 {[%clk 0:46:51]} Nf4 {[%clk 0:20:05]} 24. Qf3 {[%clk
0:47:11]} e5 {[%clk 0:08:34]} 25. c5 {[%clk 0:38:59]} Bf8 {[%clk 0:08:01]} 26.
dxe5 {[%clk 0:38:31]} Rxd2 {[%clk 0:08:09]} 27. Nxd2 {[%clk 0:36:37]} N6d5
{[%clk 0:04:10]} 28. Bxd5 {[%clk 0:31:05]} Nxd5 {[%clk 0:04:29]} 29. Nb3 {[%clk
0:28:42]} Rxe5 {[%clk 0:03:31]} 30. Rhe1 {[%clk 0:28:39]} f6 {[%clk 0:02:17]}
31. Rxe5 {[%clk 0:27:13]} Qxe5 {[%clk 0:02:44]} 32. Qg4+ {[%clk 0:27:07]} f5
{[%clk 0:00:59]} 33. Qxg6 {[%clk 0:26:39]} Be7 {[%clk 0:00:47]} 34. Qe8+ {[%clk
0:25:49]} Kc7 {[%clk 0:01:07]} 35. Nd4 {[%clk 0:21:06]} Nf6 {[%clk 0:00:37]}
36. Qf7 {[%clk 0:20:56]} Qxc5 {[%clk 0:00:35]} 37. Ne6+ {[%clk 0:21:13]} 1-0